000 00684cam a2200193 i 4500
005 20260225111446.0
008 250721s2005 jo gr 000 0 ara d
020 _a9957380370
082 1 4 _a415
_bر ف ا
100 1 _aالرفايعة، حسين عباس
_eمؤلف.
245 1 0 _aظاهرة الشذوذ في الصرف العربي /
_cالدكتور حسين عباس الرفايعة.
250 _aالطبعة الأولى.
264 3 1 _aعمان :
_bدار جرير للنشر والتوزيع،
_c2005.
300 _a344 صفحة.
650 1 7 _aاللغة العربية.
650 1 7 _aقواعد اللغة.
942 _2ddc
_cBK
999 _c96215
_d96215